Statistics for All 2010's Disney Films

Click here to take the quiz!

General Stats

  • This quiz has been taken 92 times
  • The average score is 6 of 9

Answer Stats

YearMovie% Correct
2013Frozen
91%
2010Tangled
83%
2016Moana
80%
2019Frozen II
79%
2012Wreck-It Ralph
67%
2016Zootopia
67%
2018Ralph Breaks the Internet
62%
2014Big Hero Six
58%
2011Winnie the Pooh
51%

Score Distribution

Percentile by Number Answered

Percent of People with Each Score

Your Score History

You have not taken this quiz